000
00206 a2200097 4500
001
47863
100
_a
Dumant R
245
_a
The Hungry Future
260
_a
_b
Methuen & Co. Ltd
_c
090
_c
30859
_d
30859
942
_a
NUST-CAE
_c
M
_c
23179
999
_c
282936
_d
282936